Aplikovaný vyskum prístupov na ochranu citlivých údajov a súkromia technikami strojového učenia

Salvato in:
Dettagli Bibliografici
Autore principale: Lytvyn, Oleksandr (Autore)
Altri autori: Nguyen Thu, Giang (Relatore della tesi)
Natura: Manoscritto Libro
Lingua:slovacco
inglese
Pubblicazione: 2022
Soggetti:
Accesso online:http://is.stuba.sk/zp/portal_zp.pl?podrobnosti=163873
Tags: Aggiungi Tag
Nessun Tag, puoi essere il primo ad aggiungerne!!

MARC

LEADER 00000ntm a22000003a 4500
001 stuzp90732
003 SK-STU
005 20220618212210.7
007 ta
008 150427s2015----xo-----f-mn---000-0-slo-d
040 |a STU  |b slo 
041 0 |a eng 
100 1 |a Lytvyn, Oleksandr  |u 070200  |4 aut  |U FIIT Fakulta informatiky a informačných technológií  |T FIIT Ústav informatiky, informačných systémov a softvérového inžinierstva  |X 111742  |U I200  |Y 179  |7 111742 
242 0 1 |a Aplikovaný vyskum prístupov na ochranu citlivých údajov a súkromia technikami strojového učenia  |y slo 
245 1 0 |a Aplikovaný vyskum prístupov na ochranu citlivých údajov a súkromia technikami strojového učenia 
260 |c 2022 
650 4 |a hlboké učenie  |2 slo 
650 4 |a ochrana súkromia  |2 slo 
650 4 |a zdiaľané zabezpečené výpočty  |2 slo 
650 4 |a diferenciálne súkromie  |2 slo 
650 4 |a homomorfné šifrovanie  |2 slo 
650 4 |a strojové učenie  |2 slo 
650 4 |a privacy protection  |2 eng 
650 4 |a distributed secure computation  |2 eng 
650 4 |a differential privacy  |2 eng 
650 4 |a homomorphic encryption  |2 eng 
650 4 |a machine learning  |2 eng 
650 4 |a deep learning  |2 eng 
700 1 |a Nguyen Thu, Giang  |u 070200  |k Z1  |4 ths  |U FIIT Fakulta informatiky a informačných technológií  |T FIIT Ústav informatiky, informačných systémov a softvérového inžinierstva  |X 90747  |U I200  |Y 179  |7 90747 
856 4 |u http://is.stuba.sk/zp/portal_zp.pl?podrobnosti=163873